Emanuel Hruška a slovenská urbanistická škola : Výber z celoživotného diela optikou troch profesorov architektov urbanistov /
Enregistré dans:
| Autres auteurs: | |
|---|---|
| Format: | Livre |
| Langue: | slovaque |
| Publié: |
Bratislava :
Spektrum STU,
2017
|
| Édition: | 1. vydanie |
| Sujets: | |
| Tags: |
Pas de tags, Soyez le premier à ajouter un tag!
|
MARC
| LEADER | 00000nam a22000003a 4500 | ||
|---|---|---|---|
| 001 | 0022222 | ||
| 003 | SK-STU | ||
| 005 | 20170220131716.7 | ||
| 007 | ta | ||
| 008 | 170220s ----xo-----e------000-0-----d | ||
| 020 | |a 978-80-227-4662-5 | ||
| 040 | |a STU |b slo | ||
| 041 | 0 | |a slo | |
| 044 | |a xo | ||
| 245 | 1 | 0 | |a Emanuel Hruška a slovenská urbanistická škola : |b Výber z celoživotného diela optikou troch profesorov architektov urbanistov / |c ed. Nikola Winková |
| 250 | |a 1. vydanie | ||
| 260 | |a Bratislava : |b Spektrum STU, |c 2017 | ||
| 300 | |a 64 s. |b 55 ks | ||
| 650 | 0 | 7 | |a architekti - Slovensko Česko |
| 650 | 0 | 7 | |a urbanizmus |
| 700 | 1 | |a Winková, Nikola, |d 1988- |4 edt |X 39920 |7 A000039920 | |
| 996 | |b 284AU06909 |c A* 10037/U |l AAKNST |s P |a 0 |w 0022222_0001 | ||
| 996 | |b 284AU06910 |c A* 10038/U |l AAKNAR |s A |a 24 |w 0022222_0002 | ||
| 996 | |b 284AU06911 |c A* 10039/U |l AAKNAR |s A |a 24 |w 0022222_0003 | ||
| 996 | |b 284AU06912 |c A* 10040/U |l AAKNAR |s A |a 24 |w 0022222_0004 | ||